Los señoritos (Record no. 162951)

MARC details
000 -LEADER
campo de control de longitud fija 00928nam a22001935i 4500
001 - NÚMERO DE CONTROL
campo de control 162951
003 - IDENTIFICADOR DE NÚMERO DE CONTROL
campo de control ES-MaACL
005 - FECHA Y HORA DE LA ÚLTIMA TRANSACCIÓN
campo de control 20250715063127.0
008 - DATOS DE LONGITUD FIJA--INFORMACIÓN GENERAL
campo de control de longitud fija 000203s1874 sp |||| | spa d
040 ## - FUENTE DE CATALOGACIÓN
Centro catalogador/agencia de origen CAM
Lengua de catalogación spa
Centro/agencia transcriptor CAM
100 1# - ENTRADA PRINCIPAL--NOMBRE DE PERSONA
Nombre de persona Ramos Carrión, Miguel,
Fechas asociadas al nombre 1848-1915
9 (RLIN) 95293
245 14 - MENCIÓN DEL TÍTULO
Título Los señoritos
Resto del título : comedia en tres actos y en prosa /
Mención de responsabilidad, etc. original de Miguel Ramos Carrión.
260 ## - PUBLICACIÓN, DISTRIBUCIÓN, ETC.
Lugar de publicación, distribución, etc. Madrid :
Nombre del editor, distribuidor, etc. [Administración lírico-dramática],
Fecha de publicación, distribución, etc. 1874 (
Fabricante Imprenta de José Rodriguez)
300 ## - DESCRIPCIÓN FÍSICA
Extensión 54 p. ;
Dimensiones 20 cm.
500 #1 - NOTA GENERAL
Nota general En port.: Estrenada en el Teatro del Circo el 24 de noviembre de 1874.
596 #1 - NOTA AL PIE DE IMPRENTA
NOTA AL PIE DE IMPRENTA Ed. tomado de la cub.
852 ## - LOCALIZACIÓN
Ubicación ES-MaACL
Número de control de estantería F-8562(3)
Nota libre -- Enc. pasta española
condición física -- Falto de la cub. original
Nota libre -- Enc. en un vol. facticio formando parte de la col. facticia "Teatro español moderno", vol. 14
-- .- Dedicatoria manuscrita del autor a Serafín García
Holdings
Estatus retirado Estado de pérdida Estado de daño No para préstamo Colección Biblioteca de origen Biblioteca actual Ubicación en estantería Fecha de adquisición Total de préstamos Signatura topográfica completa Código de barras Visto por última vez Precio de reemplazo Tipo de ítem Koha
        Libros del s. XIX Biblioteca del Ateneo de Madrid Biblioteca del Ateneo de Madrid Sala Pecera Planta 2 17/01/2008   F-8562(3) 1170731 23/02/2023 23/02/2023 Libro impreso antiguo